000 00179nam a22000857a 4500
999 _c16296
_d16296
003 OSt
008 200721b ||||| |||| 00| 0 eng d
245 _aMinimum Wages Rules
942 _cBK